000 00447nam a2200157Ia 4500
008 100204s9999 xx 000 0 und d
082 _b28952
100 _aअंतरकर आनंद
245 _aछायानट
250 _a0
260 _b"आनंद अंतरकर, कर्वे रोड, पुणे"
_c2007
300 _a190
630 _aछायानट
730 _aछायानट
942 _cBOOK
999 _c474143
_d474140